Identification of new ethylene receptor from bark tissue of Hevea brasiliensis (Record no. 52193)

MARC details
000 -LEADER
fixed length control field 00696nam a2200217Ia 4500
100 ## - MAIN ENTRY--AUTHOR NAME
Personal name Sreelatha S
245 #0 - TITLE STATEMENT
Title Identification of new ethylene receptor from bark tissue of Hevea brasiliensis
260 ## - PUBLICATION, DISTRIBUTION, ETC. (IMPRINT)
Name of publisher PLACROSYM XIX, 7-10 December 2010, Kottayam. Climate Change. 19th Biennial Symposium on Plantation Crops. Abstracts.pp.83-84.
650 ## - SUBJECT ADDED ENTRY--TOPICAL TERM
Topical Term Ethylene receptor
650 ## - SUBJECT ADDED ENTRY--TOPICAL TERM
Topical Term Polygenetic tree
650 ## - SUBJECT ADDED ENTRY--TOPICAL TERM
Topical Term Signal tranfunction
650 ## - SUBJECT ADDED ENTRY--TOPICAL TERM
Topical Term Stimulation
700 ## - ADDED ENTRY--PERSONAL NAME
Personal name Hall Brenda P
700 ## - ADDED ENTRY--PERSONAL NAME
Personal name Hill Kristine
700 ## - ADDED ENTRY--PERSONAL NAME
Personal name Jacob J
700 ## - ADDED ENTRY--PERSONAL NAME
Personal name Krishnakumar R
700 ## - ADDED ENTRY--PERSONAL NAME
Personal name Sathik M B M
700 ## - ADDED ENTRY--PERSONAL NAME
Personal name Schaller G E
942 ## - ADDED ENTRY ELEMENTS (KOHA)
Koha item type Bibliography STAF
Holdings
Withdrawn status Lost status Damaged status Not for loan Home library Current library Date acquired Koha item type
      Bibliography RRII Library RRII Library 01/02/2011 Bibliography STAF